The emergence of Kurdish nationalism and the Sheikh Said Rebellion, 1880-1925
Αποθηκεύτηκε σε:
| Κύριος συγγραφέας: | |
|---|---|
| Μορφή: | Βιβλίο |
| Γλώσσα: | English |
| Δημοσίευση: |
Austin :
University of Texas Press,
1989
|
| Θέματα: | |
| Ετικέτες: |
Προσθήκη ετικέτας
Δεν υπάρχουν, Καταχωρήστε ετικέτα πρώτοι!
|
MARC
| LEADER | 00000cam a2200000 i 4500 | ||
|---|---|---|---|
| 001 | 1/92595 | ||
| 008 | 940225s1989 eng d | ||
| 020 | |a 0-292-72085-8 | ||
| 035 | |l 10008527 | ||
| 040 | |a GR-MY-UA |b gre |e aacr | ||
| 041 | 0 | |a eng | |
| 082 | 0 | |a 956.1 | |
| 100 | 1 | |a Olson, Robert W. | |
| 245 | 1 | 4 | |a The emergence of Kurdish nationalism and the Sheikh Said Rebellion, 1880-1925 / |c Robert Olson; Introduction by William F. Tucker |
| 260 | |a Austin : |b University of Texas Press, |c 1989 | ||
| 300 | |a 229 p. |b tables; maps | ||
| 500 | |a Bibliography: p.213-220. Includes index | ||
| 650 | 0 | 0 | |a Kurds |z Turkey. |
| 651 | 0 | |a Turkey |x Ethnic relations. | |
| 651 | 0 | |a Kurdistan |x Politics and government. | |
| 651 | 0 | |a Great Britain |x Foreign relations |z Middle East. | |
| 651 | 0 | |a Middle East |x Foreign relations |z Great Britain. | |
| 852 | |a INST |b LESVOS |e 19940225 |h 956.1 OLS |p 005100005394 |q 005100005394 |t BK |y 0 | ||
| 909 | |a Λ |b 034023 | ||